La muerte del águila (Record no. 138525)

MARC details
000 -LEADER
campo de control de longitud fija 00613nam a2200181 i 4500
001 - NÚMERO DE CONTROL
campo de control 138525
003 - IDENTIFICADOR DE NÚMERO DE CONTROL
campo de control ES-MaACL
005 - FECHA Y HORA DE LA ÚLTIMA TRANSACCIÓN
campo de control 20230906195600.0
007 - CAMPO FIJO DE DESCRIPCIÓN FÍSICA--INFORMACIÓN GENERAL
campo de control de longitud fija t|
008 - DATOS DE LONGITUD FIJA--INFORMACIÓN GENERAL
campo de control de longitud fija 070214s1928 sp r ||||1| spa d
100 1# - ENTRADA PRINCIPAL--NOMBRE DE PERSONA
Nombre de persona San Román, José.
9 (RLIN) 102296
245 13 - MENCIÓN DEL TÍTULO
Título La muerte del águila
Resto del título : vida y recuerdos de Blasco Ibáñez : su reivindicación y muerte /
Mención de responsabilidad, etc. José San Román.
260 ## - PUBLICACIÓN, DISTRIBUCIÓN, ETC.
Lugar de publicación, distribución, etc. Madrid :
Nombre del editor, distribuidor, etc. Pueyo,
Fecha de publicación, distribución, etc. 1928 (
Fabricante Imp. Senén Martín)
300 ## - DESCRIPCIÓN FÍSICA
Extensión 92 p. ;
Dimensiones 19 x 12 cm.
600 14 - PUNTO DE ACCESO ADICIONAL DE MATERIA--NOMBRE DE PERSONA
Nombre de persona Blasco Ibáñez, Vicente,
Fechas asociadas al nombre 1867-1928-
Subdivisión general Biografías
9 (RLIN) 29389
852 ## - LOCALIZACIÓN
Ubicación ES-MaACL
Número de control de estantería B-6040
Holdings
Estatus retirado Estado de pérdida Estado de daño No para préstamo Biblioteca de origen Biblioteca actual Ubicación en estantería Fecha de adquisición Fuente de adquisición Total de préstamos Signatura topográfica completa Código de barras Visto por última vez Precio de reemplazo Tipo de ítem Koha
        Biblioteca del Ateneo de Madrid Biblioteca del Ateneo de Madrid Sala Pardo Bazán 17/01/2008     B-6040 1144144 23/02/2023 23/02/2023 Libro impreso